[Event "Ruhrgebiet Verbandsklasse Gruppe 1 1617"]
[Site "Germany"]
[Date "2017.02.19"]
[Round "7.2"]
[White "Hein, Erwin"]
[Black "Kelm, Marcel"]
[Result "1-0"]
[WhiteElo "2022"]
[BlackElo "1900"]
[PlyCount "49"]
[EventDate "2016.09.04"]
[EventType "team-tourn"]
[EventRounds "9"]
[EventCountry "GER"]
[SourceTitle "EXT 2022"]
[Source "ChessBase"]
[SourceDate "2021.10.06"]
[SourceVersion "1"]
[SourceVersionDate "2021.10.06"]
[SourceQuality "1"]
[WhiteTeam "Dortmund FS"]
[BlackTeam "Muelheim Nord IV"]
[WhiteTeamCountry "GER"]
[BlackTeamCountry "GER"]

1. d4 Nf6 2. c4 Nc6 3. Nf3 e6 4. g3 d5 5. e3 dxc4 6. Bxc4 Bb4+ 7. Bd2 Nd5 8. 0-0 Bd7 9. Nc3 Nb6 10. Be2 h5 11. Ne4 Be7 12. Nc5 Bxc5 13. dxc5 Nd5 14. e4 Nde7 15. Bc3 0-0 16. Nh4 Ng6 17. Nxg6 fxg6 18. f4 Qe7 19. b4 e5 20. Bc4+ Kh8 21. f5 h4 22. Qg4 Qf6 23. Bd2 Rf7 24. Bg5 gxf5 25. Qxh4+ 1-0

[Event "Ruhrgebiet Verbandsklasse Gruppe 1 1617"]
[Site "Germany"]
[Date "2016.09.04"]
[Round "1.1"]
[White "Hein, Erwin"]
[Black "Freisen, Thomas"]
[Result "1/2-1/2"]
[WhiteElo "2022"]
[BlackElo "1934"]
[PlyCount "28"]
[EventDate "2016.09.04"]
[EventType "team-tourn"]
[EventRounds "9"]
[EventCountry "GER"]
[SourceTitle "EXT 2022"]
[Source "ChessBase"]
[SourceDate "2021.10.06"]
[SourceVersion "1"]
[SourceVersionDate "2021.10.06"]
[SourceQuality "1"]
[WhiteTeam "Dortmund FS"]
[BlackTeam "Guennigfeld SV"]
[WhiteTeamCountry "GER"]
[BlackTeamCountry "GER"]

1. d4 Nf6 2. c4 g6 3. g3 c6 4. Bg2 d5 5. cxd5 cxd5 6. Nf3 Bg7 7. 0-0 0-0 8. Nc3 Ne4 9. Qb3 Nxc3 10. Qxc3 Nc6 11. Be3 Qa5 12. Rfc1 Qxc3 13. Rxc3 Bg4 14. Rd3 Rfc8 1/2-1/2

[Event "NRW Verbandsliga Group1 1314"]
[Site "Nordrheinwestfalen"]
[Date "2013.09.29"]
[Round "2.4"]
[White "Ball, Joerg"]
[Black "Hein, Erwin"]
[Result "1/2-1/2"]
[WhiteElo "1928"]
[BlackElo "2018"]
[PlyCount "131"]
[EventDate "2013.09.08"]
[EventType "team-tourn"]
[EventRounds "9"]
[EventCountry "GER"]
[SourceTitle "EXT 2020"]
[Source "ChessBase"]
[SourceDate "2019.10.17"]
[SourceVersion "1"]
[SourceVersionDate "2019.10.17"]
[SourceQuality "1"]
[WhiteTeam "Listiger Bauer Essen"]
[BlackTeam "Dortmund FS 98"]
[WhiteTeamCountry "GER"]
[BlackTeamCountry "GER"]

1. e4 c5 2. Nf3 Nc6 3. d4 cxd4 4. Nxd4 g6 5. c4 Bg7 6. Be3 Nf6 7. Nc3 0-0 8. Be2 d6 9. Qd2 Ng4 10. Bxg4 Bxg4 11. f3 Be6 12. b3 Qa5 13. 0-0 Rfc8 14. Rfc1 a6 15. Rab1 Nxd4 16. Bxd4 Bxd4+ 17. Qxd4 Qc5 18. Qxc5 Rxc5 19. a4 Rac8 20. Rd1 f6 21. Ra1 Kf7 22. Kf2 g5 23. Rd2 Rb8 24. a5 Rbc8 25. Ke3 h5 26. Nd5 Bxd5 27. exd5 e6 28. dxe6+ Kxe6 29. Rad1 Re5+ 30. Kf2 Rc6 31. Rd5 b6 32. axb6 Rxb6 33. Rxe5+ fxe5 34. Rd3 a5 35. Ke3 Rb4 36. Rc3 a4 37. bxa4 Rxa4 38. Rc2 Kf5 39. Kf2 g4 40. c5 dxc5 41. Rxc5 Ra2+ 42. Kg1 gxf3 43. gxf3 Kf4 44. Rc3 h4 45. Rc4+ Kxf3 46. Rc3+ Kf4 47. Rh3 e4 48. Rxh4+ Kf3 49. Rh3+ Ke2 50. Rh8 e3 51. h4 Kd1 52. Rd8+ Rd2 53. Ra8 Rd4 54. Re8 Kd2 55. h5 Rh4 56. Rd8+ Ke1 57. Rh8 e2 58. h6 Rg4+ 59. Kh2 Kf2 60. Rf8+ Ke3 61. Re8+ Kf3 62. Rf8+ Rf4 63. Rxf4+ Kxf4 64. h7 e1Q 65. h8Q Qg3+ 66. Kh1 1/2-1/2

[Event "Ruhrgebiet Verbandsliga1 1213"]
[Site "Nordrheinwestfalen"]
[Date "2013.04.07"]
[Round "8.3"]
[White "Hein, Erwin"]
[Black "Kemna, Guido"]
[Result "1/2-1/2"]
[WhiteElo "1972"]
[BlackElo "2155"]
[PlyCount "26"]
[EventDate "2012.09.02"]
[EventType "team-tourn"]
[EventRounds "9"]
[EventCountry "GER"]
[SourceTitle "EXT 2020"]
[Source "ChessBase"]
[SourceDate "2019.10.17"]
[SourceVersion "1"]
[SourceVersionDate "2019.10.17"]
[SourceQuality "1"]
[WhiteTeam "Dortmund FS 98"]
[BlackTeam "Welper SV"]
[WhiteTeamCountry "GER"]
[BlackTeamCountry "GER"]

1. d4 g6 2. e4 Bg7 3. Nf3 d6 4. Nc3 Nf6 5. Bc4 0-0 6. 0-0 Bg4 7. h3 Bxf3 8. Qxf3 Nc6 9. Be3 Nd7 10. Rad1 e5 11. dxe5 Ndxe5 12. Qe2 Nxc4 13. Qxc4 Ne5 1/2-1/2

[Event "Ruhrgebiet VL2 0910"]
[Site "Germany"]
[Date "2010.01.10"]
[Round "5.4"]
[White "Barskij, Alexander"]
[Black "Hein, Erwin"]
[Result "0-1"]
[WhiteElo "2003"]
[BlackElo "2031"]
[PlyCount "100"]
[EventDate "2009.09.06"]
[EventType "team-tourn"]
[EventRounds "9"]
[EventCountry "GER"]
[SourceTitle "EXT 2011"]
[Source "ChessBase"]
[SourceDate "2010.11.26"]
[SourceVersion "1"]
[SourceVersionDate "2010.11.26"]
[SourceQuality "1"]
[WhiteTeam "Brackel II"]
[BlackTeam "Dortmund FS 98"]
[WhiteTeamCountry "GER"]
[BlackTeamCountry "GER"]

1. e4 c5 2. Nf3 Nc6 3. d4 cxd4 4. Nxd4 g6 5. c4 Nf6 6. Nc3 d6 7. Be2 Nxd4 8. Qxd4 Bg7 9. Bg5 0-0 10. 0-0 Be6 11. Rac1 Nd5 12. Qd2 Nxc3 13. Rxc3 Bxc3 14. Qxc3 f6 15. Bh6 Re8 16. f4 b5 17. cxb5 Rc8 18. Qb4 Qb6+ 19. Kh1 Rc2 20. Bd3 Rf2 21. Rxf2 Qxf2 22. Bc4 Bxc4 23. Qxc4+ e6 24. g3 Qf3+ 25. Kg1 Qh5 26. Qc6 Kf7 27. Bg7 Qc5+ 28. Qxc5 dxc5 29. Bh6 Rd8 30. f5 g5 31. h4 gxh4 32. gxh4 Rb8 33. a4 a6 34. bxa6 Ra8 35. Be3 Rxa6 36. Bxc5 Rxa4 37. b4 exf5 38. exf5 Ra2 39. b5 Rb2 40. b6 Ke8 41. Bf2 Rb5 42. Kg2 Rxf5 43. Kg3 Kd7 44. Be3 Ke6 45. Bf4 Rb5 46. Bc7 Kf5 47. Bd8 h5 48. Kf3 Rb4 49. Bc7 Rb3+ 50. Ke2 Ke4 0-1

[Event "Ruhrgebiet VL2 0910"]
[Site "Germany"]
[Date "2009.09.06"]
[Round "1.4"]
[White "Hater, Norbert"]
[Black "Hein, Erwin"]
[Result "1/2-1/2"]
[WhiteElo "1923"]
[BlackElo "2031"]
[PlyCount "236"]
[EventDate "2009.09.06"]
[EventType "team-tourn"]
[EventRounds "9"]
[EventCountry "GER"]
[SourceTitle "EXT 2011"]
[Source "ChessBase"]
[SourceDate "2010.11.26"]
[SourceVersion "1"]
[SourceVersionDate "2010.11.26"]
[SourceQuality "1"]
[WhiteTeam "Ickern"]
[BlackTeam "Dortmund FS 98"]
[WhiteTeamCountry "GER"]
[BlackTeamCountry "GER"]

1. d4 Nf6 2. Nc3 d5 3. e4 e6 4. Bg5 Be7 5. e5 Nfd7 6. h4 a6 7. Qh5 c5 8. dxc5 Nc6 9. f4 Nxc5 10. 0-0-0 Qa5 11. Bxe7 Nxe7 12. Nge2 b5 13. a3 b4 14. axb4 Qxb4 15. Rh3 Rb8 16. b3 a5 17. Nd4 Bd7 18. Qf3 a4 19. bxa4 Ne4 20. Ndb5 Nxc3 21. Nxc3 Bxa4 22. Nxa4 Qxa4 23. Bd3 Qb4 24. Rf1 Nc6 25. Qe3 Ra8 26. Kd1 Nd4 27. Qc1 0-0 28. c3 Qb3+ 29. Ke1 Rfc8 30. Kf2 Ra2+ 31. Kg1 Rxc3 32. Qb1 Qxb1 33. Rxb1 Rc8 34. Rb7 Ne2+ 35. Bxe2 Rxe2 36. Ra3 g6 37. Raa7 Rf8 38. Rd7 h5 39. Kh2 Kg7 40. Kg3 Re3+ 41. Kf2 Rb3 42. Rac7 Ra3 43. Rb7 Ra2+ 44. Kg3 Raa8 45. Kf3 Rad8 46. Re7 d4 47. Ke2 d3+ 48. Kd2 Kg8 49. Ra7 Rb8 50. Reb7 Rxb7 51. Rxb7 Ra8 52. g3 Ra2+ 53. Ke3 Re2+ 54. Kf3 Re1 55. Rd7 Rd1 56. Kf2 d2 57. Rd3 Kf8 58. Ke2 Rg1 59. Kxd2 Rg2+ 60. Kc3 Ke7 61. Kd4 Ra2 62. Ke4 Ra1 63. Rb3 Re1+ 64. Kf3 Rf1+ 65. Kg2 Ra1 66. Kh3 Rc1 67. Rb7+ Kf8 68. Rb8+ Kg7 69. Rb3 Kh6 70. Kg2 Ra1 71. Kf2 Rc1 72. Ke3 Kg7 73. Kd4 Rc7 74. Rc3 Rd7+ 75. Kc4 Rc7+ 76. Kb4 Rb7+ 77. Ka5 Rb1 78. Ka4 Rb7 79. Rb3 Rd7 80. Kb5 Rb7+ 81. Kc4 Rc7+ 82. Kd4 Rd7+ 83. Kc5 Rd1 84. Kc6 Rd2 85. Rc3 Rd1 86. Kc7 Rd2 87. Kc6 Rd1 88. Kc5 Rd7 89. Ra3 Rd1 90. Kc4 Rg1 91. Rd3 Rc1+ 92. Rc3 Rd1 93. Kb5 Rd5+ 94. Kc6 f6 95. exf6+ Kxf6 96. Re3 Rd1 97. Kc5 Rd7 98. Re5 Rd3 99. Rg5 Rd1 100. Kc4 Rd2 101. Re5 Rd1 102. Re3 Kf5 103. Re5+ Kf6 104. Kc3 Rd6 105. Ra5 Rd1 106. Kc2 Rg1 107. Rg5 Ra1 108. Kd2 Ra3 109. Ke2 Ra2+ 110. Kf3 Ra3+ 111. Kg2 Rd3 112. Re5 Rd5 113. Rg5 Rf5 114. Kf3 e5 115. Rxf5+ Kxf5 116. fxe5 Kxe5 117. g4 hxg4+ 118. Kxg4 Kf6 1/2-1/2

[Event "Porto Mannu op"]
[Site "Porto Mannu"]
[Date "2009.05.19"]
[Round "4"]
[White "Hein, Erwin"]
[Black "Cori, Jorge Moise"]
[Result "0-1"]
[WhiteElo "2180"]
[BlackElo "2418"]
[PlyCount "58"]
[EventDate "2009.05.16"]
[EventType "swiss"]
[EventRounds "9"]
[EventCountry "ITA"]
[SourceTitle "CBM 130 Extra"]
[Source "ChessBase"]
[SourceDate "2009.07.02"]
[SourceVersion "2"]
[SourceVersionDate "2009.07.15"]
[SourceQuality "1"]

1. Nf3 Nf6 2. d4 g6 3. c4 Bg7 4. Nc3 0-0 5. g3 d6 6. Bg2 Nbd7 7. 0-0 e5 8. e4 exd4 9. Nxd4 Re8 10. Re1 a6 11. b3 Rb8 12. Bb2 Nf8 13. Qd2 Ne6 14. Nxe6 Bxe6 15. Rad1 Nd7 16. h3 b5 17. cxb5 axb5 18. Nd5 Bxd5 19. exd5 Rxe1+ 20. Rxe1 Bxb2 21. Qxb2 b4 22. Qd2 Nc5 23. Rc1 Qf6 24. Rc4 Qa1+ 25. Rc1 Qf6 26. Rc4 Ra8 27. Kh2 Qa1 28. Rc1 Qxa2 29. Qxb4 Nd3 0-1

[Event "Porto Mannu op"]
[Site "Porto Mannu"]
[Date "2009.05.16"]
[Round "1"]
[White "Mercandelli, Claudio"]
[Black "Hein, Erwin"]
[Result "0-1"]
[WhiteElo "1893"]
[BlackElo "2180"]
[PlyCount "84"]
[EventDate "2009.05.16"]
[EventType "swiss"]
[EventRounds "9"]
[EventCountry "ITA"]
[SourceTitle "CBM 130 Extra"]
[Source "ChessBase"]
[SourceDate "2009.07.02"]
[SourceVersion "2"]
[SourceVersionDate "2009.07.15"]
[SourceQuality "1"]

1. Nf3 d5 2. c4 e6 3. g3 Nf6 4. Bg2 c5 5. 0-0 Nc6 6. cxd5 Nxd5 7. d4 cxd4 8. Nxd4 Qb6 9. Nxc6 bxc6 10. e4 Nf6 11. Qc2 Bc5 12. Nc3 Bd4 13. Na4 Qb5 14. Bg5 Bd7 15. Bxf6 gxf6 16. e5 fxe5 17. Rac1 Rb8 18. Bxc6 Bxc6 19. Qxc6+ Qxc6 20. Rxc6 Kd7 21. Rc2 Rhc8 22. Rfc1 Rxc2 23. Rxc2 f5 24. Kf1 Kd6 25. Ke2 e4 26. b3 h5 27. Nb2 h4 28. Nc4+ Kd5 29. Ne3+ Ke5 30. Rc4 hxg3 31. hxg3 Rh8 32. Rc1 Rh2 33. Rg1 Kd6 34. Rc1 Bc5 35. Rc2 Rh1 36. Rd2+ Ke5 37. Nc4+ Kf6 38. Ne3 Ra1 39. Rc2 Bb4 40. Nd1 e5 41. Rb2 f4 42. gxf4 exf4 0-1

[Event "Ruhrgebiet VK3 0708"]
[Site "Germany"]
[Date "2008.04.06"]
[Round "8.4"]
[White "Schuetz, Ralf"]
[Black "Hein, Erwin"]
[Result "1-0"]
[WhiteElo "1840"]
[BlackElo "2049"]
[PlyCount "72"]
[EventDate "2007.09.16"]
[EventType "team"]
[EventRounds "9"]
[EventCountry "GER"]
[SourceTitle "EXT 2009"]
[Source "ChessBase"]
[SourceDate "2008.11.26"]
[SourceVersion "1"]
[SourceVersionDate "2008.11.26"]
[SourceQuality "1"]
[WhiteTeam "Boenen SV"]
[BlackTeam "Dortmund FS 98"]
[WhiteTeamCountry "GER"]
[BlackTeamCountry "GER"]

1. e4 c5 2. g3 Nc6 3. Bg2 Nf6 4. d3 d5 5. exd5 Nxd5 6. Nc3 Nxc3 7. bxc3 e6 8. Be3 Be7 9. Ne2 0-0 10. Rb1 Qc7 11. Qd2 Rd8 12. 0-0 b6 13. h4 Bb7 14. Bg5 Ne5 15. Bxe7 Qxe7 16. Qe3 Bxg2 17. Kxg2 Qb7+ 18. f3 Ng4 19. Qf4 Nf6 20. Rf2 Qd5 21. c4 Qc6 22. h5 Nxh5 23. Qh4 Nf6 24. g4 h6 25. Rh1 Nh7 26. Kg1 e5 27. Qg3 Ng5 28. Nc3 Rd4 29. Rh5 Qf6 30. Nd5 Qd6 31. Rxg5 hxg5 32. Rh2 f6 33. Qh3 Kf7 34. Qh5+ Ke6 35. Ne3 Rg8 36. Qh7 Qd7 1-0

[Event "Bayern-chI Bank Hofmann 10th"]
[Site "Bad Wiessee"]
[Date "2006.11.05"]
[Round "2"]
[White "Degraeve, Jean Marc"]
[Black "Hein, Erwin"]
[Result "1-0"]
[WhiteElo "2551"]
[BlackElo "2179"]
[PlyCount "95"]
[EventDate "2006.11.04"]
[EventType "swiss"]
[EventRounds "9"]
[EventCountry "GER"]
[SourceTitle "EXT 2007"]
[Source "ChessBase"]
[SourceDate "2006.11.23"]
[SourceVersion "1"]
[SourceVersionDate "2006.11.23"]
[SourceQuality "1"]

1. e4 c5 2. Nc3 Nc6 3. Bb5 g6 4. Bxc6 dxc6 5. d3 Bg7 6. Be3 b6 7. Qd2 e5 8. 0-0-0 Be6 9. f4 c4 10. d4 exd4 11. Bxd4 Qxd4 12. Qxd4 Bxd4 13. Rxd4 Rd8 14. Nf3 Rxd4 15. Nxd4 Bd7 16. h3 Nf6 17. g4 Ke7 18. Kd2 c5 19. Nf3 Bc6 20. Ke3 Rd8 21. g5 Nd7 22. h4 b5 23. h5 b4 24. Nd1 Ba4 25. hxg6 hxg6 26. c3 Nf8 27. Nf2 Rb8 28. f5 bxc3 29. bxc3 gxf5 30. exf5 Bc6 31. Rd1 Bxf3 32. Kxf3 Rb2 33. Ne4 Rxa2 34. Nxc5 Rh2 35. Ra1 Kd6 36. Ne4+ Kc6 37. Ra6+ Kb7 38. Rf6 Rh7 39. g6 fxg6 40. Rxf8 gxf5 41. Rxf5 Kb6 42. Rf6+ Kb5 43. Ke3 Rh3+ 44. Rf3 Rh6 45. Kd4 Rh4 46. Rf5+ Ka4 47. Rc5 Kb3 48. Ra5 1-0

[Event "Dortmund-ch"]
[Site "Dortmund"]
[Date "2005.03.15"]
[Round "8"]
[White "Kartsev, Soel"]
[Black "Hein, Erwin"]
[Result "1/2-1/2"]
[WhiteElo "2158"]
[BlackElo "1966"]
[PlyCount "105"]
[EventDate "2005.02.28"]
[EventType "swiss"]
[EventRounds "9"]
[EventCountry "GER"]
[SourceTitle "CBM 105 Extra"]
[Source "ChessBase"]
[SourceDate "2005.05.01"]
[SourceVersion "1"]
[SourceVersionDate "2005.05.01"]
[SourceQuality "1"]

1. e4 c5 2. Nc3 Nc6 3. g3 g6 4. Bg2 Bg7 5. d3 e6 6. f4 Nge7 7. Nf3 d5 8. 0-0 0-0 9. e5 a6 10. a4 h5 11. b3 Nf5 12. Qe2 Qa5 13. Bb2 Bd7 14. Qf2 Ncd4 15. h3 Nxf3+ 16. Bxf3 Nd4 17. Bg2 f6 18. exf6 Bxf6 19. Rae1 Rae8 20. Nd1 Qd8 21. Ba3 b6 22. a5 Nf5 23. c3 d4 24. g4 hxg4 25. hxg4 Ne3 26. Nxe3 dxe3 27. Qc2 e5 28. d4 Kh7 29. dxe5 Bh4 30. Rxe3 Bxg4 31. Be4 Bf5 32. axb6 Qxb6 33. Qh2 Qd8 34. Bxc5 Rf7 35. b4 Rd7 36. Bd4 Kg8 37. Qg2 Kf8 38. Bc5+ Be7 39. Bxe7+ Rexe7 40. Bxf5 gxf5 41. Rg3 Rg7 42. Rg5 Rd2 43. Qg3 Qb6+ 44. Rf2 Rd1+ 45. Kg2 Qh6 46. Rf1 Rd2+ 47. Rf2 Rd1 48. Qf3 Rxg5+ 49. fxg5 Qxg5+ 50. Kh3 Qh6+ 51. Kg3 Qg5+ 52. Kh3 Qh6+ 53. Kg3 1/2-1/2

[Event "Dortmund-ch"]
[Site "Dortmund"]
[Date "2005.03.14"]
[Round "7"]
[White "Hein, Erwin"]
[Black "Schiefelbusch, Dirk"]
[Result "1-0"]
[WhiteElo "1966"]
[BlackElo "2061"]
[PlyCount "117"]
[EventDate "2005.02.28"]
[EventType "swiss"]
[EventRounds "9"]
[EventCountry "GER"]
[SourceTitle "CBM 105 Extra"]
[Source "ChessBase"]
[SourceDate "2005.05.01"]
[SourceVersion "1"]
[SourceVersionDate "2005.05.01"]
[SourceQuality "1"]

1. d4 d5 2. Nf3 Nf6 3. c4 c6 4. Nc3 dxc4 5. a4 Bf5 6. e3 e6 7. Bxc4 Bb4 8. 0-0 0-0 9. Ne5 Nbd7 10. Nxd7 Qxd7 11. Qe2 a5 12. Rd1 Bg6 13. Bd2 Qc7 14. Be1 Rad8 15. f3 Bd6 16. g3 Nd5 17. Rac1 Qe7 18. Ne4 Bb4 19. Nc5 Bxe1 20. Qxe1 Nb4 21. e4 Rfe8 22. Qe3 h6 23. Nd3 Nxd3 24. Rxd3 Rd7 25. Qd2 Qd8 26. Kg2 Qb6 27. Rd1 Red8 28. Qc3 Kh8 29. R3d2 Bh7 30. Ba2 Bg8 31. Bc4 Bh7 32. Ba2 Qa7 33. Qc4 e5 34. d5 f5 35. Bb1 Bg8 36. Qc3 fxe4 37. fxe4 cxd5 38. Qxe5 Qe3 39. Qf4 Qb3 40. e5 Rf7 41. Qd4 Qf3+ 42. Kg1 Rc7 43. Qb6 Rdc8 44. Rf1 Qh5 45. Bf5 Rc6 46. Qxb7 R8c7 47. Qb8 g6 48. Be6 Rxe6 49. Qxc7 Rxe5 50. Qc3 Kh7 51. Rdf2 Qg5 52. Qxa5 Qe3 53. Qd2 Qa7 54. a5 Be6 55. Qb4 Bf5 56. Qb6 Qe7 57. a6 Bc8 58. a7 Re6 59. a8Q 1-0

[Event "Dortmund-ch"]
[Site "Dortmund"]
[Date "2005.03.03"]
[Round "3"]
[White "Hein, Erwin"]
[Black "Henrichs, Thomas"]
[Result "1/2-1/2"]
[WhiteElo "1966"]
[BlackElo "2394"]
[PlyCount "100"]
[EventDate "2005.02.28"]
[EventType "swiss"]
[EventRounds "9"]
[EventCountry "GER"]
[SourceTitle "CBM 105 Extra"]
[Source "ChessBase"]
[SourceDate "2005.05.01"]
[SourceVersion "1"]
[SourceVersionDate "2005.05.01"]
[SourceQuality "1"]

1. d4 Nf6 2. c4 e6 3. Nf3 c5 4. d5 exd5 5. cxd5 d6 6. Nc3 g6 7. e4 a6 8. a4 Bg4 9. Be2 Bxf3 10. Bxf3 Bg7 11. 0-0 0-0 12. Bf4 Qe7 13. Qc2 Nbd7 14. Rad1 h5 15. Rfe1 Nh7 16. Bc1 Rab8 17. Be2 Bd4 18. Bf1 Qf6 19. Be3 Be5 20. Qd2 g5 21. Be2 Kh8 22. Bc4 Rg8 23. Rf1 Bf4 24. g3 b5 25. axb5 Ne5 26. Qe2 Nxc4 27. Qxc4 axb5 28. Nxb5 Be5 29. b3 h4 30. Na7 Qf3 31. Rfe1 Nf6 32. Nc6 hxg3 33. fxg3 Ng4 34. Qf1 Qxf1+ 35. Kxf1 Rxb3 36. Bg1 Ra8 37. Re2 Bf6 38. Kg2 Ne5 39. Nxe5 Bxe5 40. Be3 g4 41. Bf4 f6 42. Rf1 Rab8 43. Bxe5 fxe5 44. Rf6 Rb2 45. Kf2 R8b6 46. Rxb2 Rxb2+ 47. Ke3 Rb6 48. Kd3 Kg7 49. Re6 Kf7 50. Kc3 Kg7 1/2-1/2